000 00268nam a2200109Ia 4500
008 230724s2007 xx und d
041 _aeng
100 _aLEHRI M.S.
245 _aDESIGN IDEAS DEC.1994 VOL.III NO.9
260 _bLEA AND FEBIGER
_c2007
300 _a406
999 _c1177856
_d1177856